[Event "CP-2016-P-00055"]
[Site "LSS email"]
[Date "2016.09.27"]
[Round "?"]
[White "Frank, Stanislav"]
[Black "Hoffman, Mike"]
[Result "0-1"]
[WhiteElo "1233"]
[BlackElo "1358"]
[PlyCount "62"]
[EventDate "2016.10.01"]
[EventType "tourn (corr)"]
[EventRounds "6"]
[EventCountry "GER"]
[SourceTitle "Corr 2022"]
[Source "ChessBase"]
[SourceDate "2021.10.24"]
[SourceVersion "1"]
[SourceVersionDate "2021.10.24"]
[SourceQuality "1"]

1. e4 e6 2. d4 d5 3. e5 c5 4. c3 Nc6 5. Nf3 Qb6 6. a3 Bd7 7. b4 cxd4 8. cxd4 Rc8 9. Bb2 Nge7 10. Nbd2 Nf5 11. Nb3 a5 12. b5 a4 13. bxc6 bxc6 14. Nfd2 axb3 15. Nf3 c5 16. Rc1 c4 17. Qd2 Ra8 18. Ra1 Be7 19. g3 Ra4 20. Bh3 0-0 21. Bxf5 exf5 22. 0-0 Rfa8 23. Qc1 Qa6 24. Qc3 Bxa3 25. Bxa3 Rxa3 26. Rxa3 Qxa3 27. Rb1 f4 28. Nd2 Bf5 29. Rb2 Qa1+ 30. Kg2 Qe1 31. g4 Bxg4 0-1

[Event "CP-2016-P-00055"]
[Site "LSS email"]
[Date "2016.09.27"]
[Round "?"]
[White "Laine, Jari"]
[Black "Frank, Stanislav"]
[Result "1-0"]
[WhiteElo "1907"]
[BlackElo "1233"]
[PlyCount "25"]
[EventDate "2016.10.01"]
[EventType "tourn (corr)"]
[EventRounds "6"]
[EventCountry "GER"]
[SourceTitle "Corr 2022"]
[Source "ChessBase"]
[SourceDate "2021.10.24"]
[SourceVersion "1"]
[SourceVersionDate "2021.10.24"]
[SourceQuality "1"]

1. e4 e5 2. Nf3 Nc6 3. d4 exd4 4. Nxd4 Bc5 5. Nb3 Bb4+ 6. Nc3 Nf6 7. Bd3 d5 8. 0-0 Bxc3 9. exd5 Qxd5 10. bxc3 0-0 11. c4 Qd6 12. c5 Qd8 13. Re1 1-0

[Event "LSS No Engine Cup 158 Preliminary 0"]
[Site "LSS email"]
[Date "2016.08.27"]
[Round "?"]
[White "Frank, Stanislav"]
[Black "Cole, Steve"]
[Result "1/2-1/2"]
[WhiteElo "1600"]
[BlackElo "1771"]
[PlyCount "41"]
[EventDate "2016.08.28"]
[EventType "tourn (corr)"]
[EventRounds "6"]
[EventCountry "GER"]
[SourceTitle "Corr 2022"]
[Source "ChessBase"]
[SourceDate "2021.10.24"]
[SourceVersion "1"]
[SourceVersionDate "2021.10.24"]
[SourceQuality "1"]

1. e4 e5 2. Nf3 Nc6 3. Bb5 Nf6 4. Bxc6 dxc6 5. 0-0 Bg4 6. h3 Bxf3 7. Qxf3 Bc5 8. d3 Nd7 9. Nc3 0-0 10. Qg3 Qf6 11. Kh1 Qg6 12. Ne2 f5 13. exf5 Rxf5 14. Qxg6 hxg6 15. f3 Raf8 16. Nc3 a5 17. a4 Nf6 18. Bd2 Nd5 19. Ne4 Bb4 20. Bc1 Rh5 21. b3 1/2-1/2

[Event "OP-2016-0-04137"]
[Site "LSS email"]
[Date "2016.08.25"]
[Round "?"]
[White "Gorin, Anton"]
[Black "Frank, Stanislav"]
[Result "0-1"]
[WhiteElo "2061"]
[BlackElo "1208"]
[PlyCount "26"]
[EventDate "2016.08.20"]
[EventType "tourn (corr)"]
[EventRounds "4"]
[EventCountry "GER"]
[SourceTitle "Corr 2022"]
[Source "ChessBase"]
[SourceDate "2021.10.24"]
[SourceVersion "1"]
[SourceVersionDate "2021.10.24"]
[SourceQuality "1"]

1. d4 d5 2. Bg5 h6 3. Bh4 g5 4. Bg3 Bg7 5. e3 c5 6. c3 Nc6 7. dxc5 e5 8. h4 Nf6 9. hxg5 hxg5 10. Rxh8+ Bxh8 11. Nd2 Qe7 12. b4 Bf5 13. Bb5 Kf8 0-1

[Event "IECC CL0-2016.00 email"]
[Site "IECC email"]
[Date "2016.08.25"]
[Round "?"]
[White "Lenz, Juergen"]
[Black "Frank, Stanislav"]
[Result "1/2-1/2"]
[WhiteElo "1129"]
[BlackElo "1225"]
[PlyCount "40"]
[EventDate "2016.08.08"]
[EventType "tourn (corr)"]
[EventRounds "4"]
[SourceTitle "Corr 2022"]
[Source "ChessBase"]
[SourceDate "2021.10.24"]
[SourceVersion "1"]
[SourceVersionDate "2021.10.24"]
[SourceQuality "1"]

1. d4 d5 2. Bf4 c6 3. e3 Qb6 4. Qc1 Bf5 5. Bd3 Bxd3 6. cxd3 e6 7. Nf3 Nf6 8. 0-0 Nbd7 9. Nc3 c5 10. dxc5 Nxc5 11. Qc2 Be7 12. d4 Nce4 13. Nxe4 Nxe4 14. Qa4+ Kf8 15. Qc2 g5 16. Bg3 Nxg3 17. hxg3 f6 18. Rac1 Bd6 19. b3 Kg7 20. Qe2 Rac8 1/2-1/2

[Event "IECC CL0-2016.00 email"]
[Site "IECC email"]
[Date "2016.08.10"]
[Round "?"]
[White "Shim Ng Min, Francis"]
[Black "Frank, Stanislav"]
[Result "0-1"]
[WhiteElo "1323"]
[BlackElo "1266"]
[PlyCount "62"]
[EventDate "2016.07.29"]
[EventType "tourn (corr)"]
[EventRounds "4"]
[SourceTitle "Corr 2022"]
[Source "ChessBase"]
[SourceDate "2021.10.24"]
[SourceVersion "1"]
[SourceVersionDate "2021.10.24"]
[SourceQuality "1"]

1. e4 Nc6 2. d4 d5 3. Nc3 dxe4 4. d5 Nb4 5. a3 Na6 6. Nxe4 e6 7. c4 Nf6 8. Bd3 Be7 9. Nf3 exd5 10. Nxf6+ Bxf6 11. 0-0 0-0 12. cxd5 Bg4 13. h3 Bh5 14. Bc4 Nc5 15. Be3 Ne4 16. Rb1 Nd6 17. Bd3 Re8 18. g4 Bg6 19. Bxg6 hxg6 20. Kg2 Qd7 21. Bd4 Ne4 22. Rc1 Bxd4 23. Qxd4 Nf6 24. Rfd1 Re4 25. Qd3 Rae8 26. d6 c6 27. b4 Nd5 28. Qb3 Nf4+ 29. Kh2 Nxh3 30. Nh4 Nxf2 31. Rg1 Nxg4+ 0-1

[Event "SE-2016-0-00232"]
[Site "LSS email"]
[Date "2016.08.06"]
[Round "?"]
[White "Frank, Stanislav"]
[Black "Razo, Ryan Jose"]
[Result "0-1"]
[WhiteElo "1306"]
[BlackElo "1285"]
[PlyCount "44"]
[EventDate "2016.06.07"]
[EventType "tourn (corr)"]
[EventRounds "6"]
[EventCountry "GER"]
[SourceTitle "Corr 2022"]
[Source "ChessBase"]
[SourceDate "2021.10.24"]
[SourceVersion "1"]
[SourceVersionDate "2021.10.24"]
[SourceQuality "1"]

1. e4 e5 2. Nf3 Nc6 3. Bb5 a6 4. Ba4 Nf6 5. 0-0 Be7 6. Re1 b5 7. Bb3 d6 8. h3 0-0 9. c3 Nb8 10. d4 Nbd7 11. Nbd2 Bb7 12. Bc2 Re8 13. Nf1 Bf8 14. Ng3 g6 15. a4 c5 16. d5 c4 17. Bg5 h6 18. Be3 Nc5 19. Qd2 h5 20. Bg5 Be7 21. Bh6 Nh7 22. Ra3 Rb8 0-1

[Event "SE-2016-0-00230"]
[Site "LSS email"]
[Date "2016.07.07"]
[Round "?"]
[White "Frank, Stanislav"]
[Black "Chura, Michal"]
[Result "1/2-1/2"]
[WhiteElo "1383"]
[BlackElo "1567"]
[PlyCount "45"]
[EventDate "2016.04.25"]
[EventType "tourn (corr)"]
[EventRounds "6"]
[EventCountry "GER"]
[SourceTitle "Corr 2022"]
[Source "ChessBase"]
[SourceDate "2021.10.24"]
[SourceVersion "1"]
[SourceVersionDate "2021.10.24"]
[SourceQuality "1"]

1. e4 c5 2. c3 g6 3. d4 cxd4 4. cxd4 Bg7 5. Nc3 Nc6 6. Nf3 d6 7. a3 Bg4 8. Be3 Qb6 9. Nd5 Qd8 10. Be2 e6 11. Nc3 Nge7 12. h3 Bxf3 13. Bxf3 a6 14. 0-0 0-0 15. Rc1 Re8 16. Re1 b5 17. b4 Nb8 18. e5 Nbc6 19. Nxb5 axb5 20. Bxc6 Nxc6 21. Rxc6 dxe5 22. dxe5 Rxa3 23. Qxd8 1/2-1/2

[Event "SE-2016-0-00230"]
[Site "LSS email"]
[Date "2016.07.05"]
[Round "?"]
[White "Wittlieb, Friedhelm"]
[Black "Frank, Stanislav"]
[Result "1-0"]
[WhiteElo "1061"]
[BlackElo "1383"]
[PlyCount "31"]
[EventDate "2016.04.25"]
[EventType "tourn (corr)"]
[EventRounds "6"]
[EventCountry "GER"]
[SourceTitle "Corr 2022"]
[Source "ChessBase"]
[SourceDate "2021.10.24"]
[SourceVersion "1"]
[SourceVersionDate "2021.10.24"]
[SourceQuality "1"]

1. Nf3 d5 2. d4 c6 3. Bf4 b6 4. e3 Ba6 5. Bxa6 Nxa6 6. 0-0 e6 7. Ne5 c5 8. c4 Nb8 9. cxd5 exd5 10. Nc3 Nf6 11. Qa4+ Nbd7 12. Nc6 Qc8 13. Nb5 Qxc6 14. Nc7+ Qxc7 15. Bxc7 Be7 16. Bxb6 1-0

[Event "RF-2016-0-00317"]
[Site "LSS email"]
[Date "2016.06.25"]
[Round "?"]
[White "Feng, Jason"]
[Black "Frank, Stanislav"]
[Result "0-1"]
[WhiteElo "937"]
[BlackElo "1320"]
[PlyCount "86"]
[EventDate "2016.05.30"]
[EventType "tourn (corr)"]
[EventRounds "6"]
[EventCountry "GER"]
[SourceTitle "Corr 2022"]
[Source "ChessBase"]
[SourceDate "2021.10.24"]
[SourceVersion "1"]
[SourceVersionDate "2021.10.24"]
[SourceQuality "1"]

1. e4 e6 2. Nf3 c5 3. Nc3 Nc6 4. Bb5 a6 5. Bxc6 bxc6 6. 0-0 d5 7. e5 Ne7 8. Re1 Ng6 9. d3 Qc7 10. Bg5 Rb8 11. Rb1 h6 12. Bh4 Nxh4 13. Nxh4 Be7 14. Nf3 0-0 15. d4 cxd4 16. Nxd4 c5 17. Nf3 Bd7 18. b3 c4 19. bxc4 Qxc4 20. Qd4 Qc7 21. Rxb8 Rxb8 22. Rb1 Rxb1+ 23. Nxb1 Qxc2 24. Nbd2 Bc5 25. Qa1 Bc6 26. Qb1 Qa4 27. Nb3 Ba7 28. h3 Qf4 29. Qc1 Qxc1+ 30. Nxc1 Bb5 31. Nb3 Bb6 32. Nfd4 Bc4 33. g3 a5 34. Nc2 a4 35. Nc1 Bc5 36. Ne3 Bxe3 37. fxe3 f6 38. a3 fxe5 39. Kf2 Kf7 40. Kf3 Kf6 41. g4 h5 42. h4 hxg4+ 43. Kxg4 g6 0-1

[Event "RE-2016-0-00171"]
[Site "LSS email"]
[Date "2016.06.19"]
[Round "?"]
[White "Frank, Stanislav"]
[Black "Hogan, Bernardo"]
[Result "1-0"]
[WhiteElo "1366"]
[BlackElo "1367"]
[PlyCount "49"]
[EventDate "2016.03.20"]
[EventType "tourn (corr)"]
[EventRounds "6"]
[EventCountry "GER"]
[SourceTitle "Corr 2022"]
[Source "ChessBase"]
[SourceDate "2021.10.24"]
[SourceVersion "1"]
[SourceVersionDate "2021.10.24"]
[SourceQuality "1"]

1. e4 c5 2. c3 Nc6 3. d4 cxd4 4. cxd4 d5 5. exd5 Qxd5 6. Nf3 Bg4 7. Be2 Nf6 8. Nc3 Qh5 9. 0-0 e6 10. Be3 Bd6 11. g3 0-0 12. a3 Nd5 13. Nxd5 Qxd5 14. Rc1 a6 15. Re1 f5 16. b4 b5 17. Kg2 f4 18. gxf4 Bxf4 19. Rc3 Bxh2 20. Kxh2 Qh5+ 21. Kg1 Bh3 22. Ng5 Qh4 23. Nxh3 Qxh3 24. Bg4 Qh4 25. Rxc6 1-0

[Event "SE-2016-0-00228"]
[Site "LSS email"]
[Date "2016.06.08"]
[Round "?"]
[White "Kratky, Josef"]
[Black "Frank, Stanislav"]
[Result "1-0"]
[WhiteElo "1329"]
[BlackElo "1382"]
[PlyCount "59"]
[EventDate "2016.03.18"]
[EventType "tourn (corr)"]
[EventRounds "6"]
[EventCountry "GER"]
[SourceTitle "Corr 2022"]
[Source "ChessBase"]
[SourceDate "2021.10.24"]
[SourceVersion "1"]
[SourceVersionDate "2021.10.24"]
[SourceQuality "1"]

1. d4 d5 2. c4 c6 3. Nf3 dxc4 4. a4 a6 5. Ne5 b5 6. Nc3 Bb7 7. b3 cxb3 8. Qxb3 e6 9. axb5 Qxd4 10. bxc6 Bxc6 11. Nxc6 Nxc6 12. e3 Qb4 13. Qxb4 Nxb4 14. Bb5+ Kd8 15. 0-0 Bd6 16. Ba4 Nf6 17. Rd1 Ke7 18. Ba3 Rab8 19. Rab1 Rhc8 20. Rxd6 Kxd6 21. Rxb4 Rxb4 22. Bxb4+ Ke5 23. f4+ Kf5 24. Bc2+ Kg4 25. Bd3 Rc6 26. h3+ Kh5 27. Kh2 g5 28. g4+ Kh4 29. Ne4 Nxg4+ 30. hxg4 1-0

[Event "RF-2016-0-00308"]
[Site "LSS email"]
[Date "2016.05.09"]
[Round "?"]
[White "Lenz, Juergen"]
[Black "Frank, Stanislav"]
[Result "1-0"]
[WhiteElo "1107"]
[BlackElo "1385"]
[PlyCount "81"]
[EventDate "2016.04.13"]
[EventType "tourn (corr)"]
[EventRounds "6"]
[EventCountry "GER"]
[SourceTitle "Corr 2022"]
[Source "ChessBase"]
[SourceDate "2021.10.24"]
[SourceVersion "1"]
[SourceVersionDate "2021.10.24"]
[SourceQuality "1"]

1. d4 d5 2. Nf3 Bg4 3. Ne5 Bh5 4. c4 e6 5. Qb3 b6 6. e3 c6 7. Nc3 f6 8. g4 fxe5 9. gxh5 e4 10. Bh3 Qf6 11. Bd2 Bd6 12. 0-0-0 Ne7 13. Rdf1 0-0 14. Bg2 Qh4 15. f3 exf3 16. Rxf3 Rxf3 17. Bxf3 Nf5 18. cxd5 cxd5 19. Qd1 Nd7 20. Kb1 Nf6 21. Bc1 Nh6 22. Qg1 Nhg4 23. e4 Bxh2 24. Qg2 Qg3 25. exd5 exd5 26. Nxd5 Qxg2 27. Bxg2 Re8 28. Nxf6+ gxf6 29. Bd5+ Kg7 30. Bf3 Ne5 31. dxe5 Bxe5 32. Rg1+ Kh8 33. Bh6 f5 34. Re1 Re7 35. Rd1 Bc7 36. Bg5 Re8 37. Bd5 Kg7 38. Bc6 Rf8 39. Rd7+ Rf7 40. Be7 Bb8 41. Bd5 1-0

[Event "RF-2016-0-00306"]
[Site "LSS email"]
[Date "2016.04.28"]
[Round "?"]
[White "Verich, Oleg"]
[Black "Frank, Stanislav"]
[Result "1/2-1/2"]
[WhiteElo "1286"]
[BlackElo "1363"]
[PlyCount "106"]
[EventDate "2016.04.01"]
[EventType "tourn (corr)"]
[EventRounds "6"]
[EventCountry "GER"]
[SourceTitle "Corr 2022"]
[Source "ChessBase"]
[SourceDate "2021.10.24"]
[SourceVersion "1"]
[SourceVersionDate "2021.10.24"]
[SourceQuality "1"]

1. c4 f5 2. Nf3 Nf6 3. Nc3 e6 4. d4 d5 5. Bg5 c6 6. Bxf6 Qxf6 7. c5 b6 8. b4 a5 9. Na4 Nd7 10. a3 Ba6 11. e3 Bxf1 12. Kxf1 b5 13. Nc3 a4 14. Ne2 e5 15. g3 e4 16. Nd2 g5 17. Kg2 Be7 18. h3 Nf8 19. Qc2 Ne6 20. f3 Nc7 21. fxe4 fxe4 22. Raf1 Qg6 23. Nc3 Kd7 24. Rf2 Raf8 25. Rhf1 Rxf2+ 26. Rxf2 Rf8 27. Rxf8 Bxf8 28. g4 h5 29. gxh5 Qxh5 30. Qd1 Qh4 31. Qf1 Ne6 32. Ne2 g4 33. hxg4 Qxg4+ 34. Ng3 Be7 35. Qf7 Ng5 36. Qf5+ Qxf5 37. Nxf5 Bf6 38. Kg3 Ke6 39. Kg4 Nf7 40. Nf1 Ng5 41. Nh2 Bd8 42. Nd6 Kf6 43. Kh5 Nf3 44. Ng4+ Ke6 45. Kg6 Bh4 46. Nb7 Bg3 47. Na5 Kd7 48. Nf6+ Kc7 49. Kf5 Bh4 50. Ng4 Kd7 51. Ne5+ Nxe5 52. dxe5 Kc7 53. e6 Be7 1/2-1/2

[Event "RF-2016-0-00305"]
[Site "LSS email"]
[Date "2016.04.15"]
[Round "?"]
[White "Frank, Stanislav"]
[Black "Rocek, Vladimir"]
[Result "1-0"]
[WhiteElo "1353"]
[BlackElo "1176"]
[PlyCount "93"]
[EventDate "2016.03.29"]
[EventType "tourn (corr)"]
[EventRounds "6"]
[EventCountry "GER"]
[SourceTitle "Corr 2022"]
[Source "ChessBase"]
[SourceDate "2021.10.24"]
[SourceVersion "1"]
[SourceVersionDate "2021.10.24"]
[SourceQuality "1"]

1. e4 e5 2. Nf3 Nc6 3. Bb5 Bc5 4. c3 d6 5. d4 exd4 6. cxd4 Bb4+ 7. Nc3 Bd7 8. 0-0 Nge7 9. Ng5 Ng6 10. Bxc6 bxc6 11. Nxf7 Kxf7 12. Qb3+ Be6 13. Qxb4 Rf8 14. f4 Bc8 15. Qc4+ d5 16. exd5 cxd5 17. Qxd5+ Qxd5 18. Nxd5 Bb7 19. Nxc7 Rac8 20. Nb5 Rc2 21. Nd6+ Kg8 22. Nxb7 Re8 23. Be3 Rxe3 24. Rf2 Rxf2 25. Kxf2 Rd3 26. g3 Rxd4 27. b3 Ne7 28. Re1 Kf8 29. Nc5 Kf7 30. Re2 Nd5 31. Ne4 h6 32. Nd6+ Kf6 33. Nb5 Rd3 34. Nxa7 Nc3 35. Rc2 Kf5 36. Nc6 Ke4 37. Ne5 Re3 38. b4 g5 39. Nc4 Rf3+ 40. Kg2 Rd3 41. fxg5 hxg5 42. Nd2+ Kf5 43. b5 Re3 44. Nc4 Rd3 45. b6 Ne4 46. Ne3+ Ke5 47. b7 1-0

[Event "RF-2016-0-00304"]
[Site "LSS email"]
[Date "2016.04.14"]
[Round "?"]
[White "Laureles, Raymundo"]
[Black "Frank, Stanislav"]
[Result "0-1"]
[WhiteElo "1131"]
[BlackElo "1348"]
[PlyCount "90"]
[EventDate "2016.03.28"]
[EventType "tourn (corr)"]
[EventRounds "6"]
[EventCountry "GER"]
[SourceTitle "Corr 2022"]
[Source "ChessBase"]
[SourceDate "2021.10.24"]
[SourceVersion "1"]
[SourceVersionDate "2021.10.24"]
[SourceQuality "1"]

1. e4 e5 2. f4 exf4 3. Nf3 g5 4. h4 g4 5. Ng5 h6 6. Nxf7 Kxf7 7. Qxg4 Nf6 8. Qxf4 d6 9. Bc4+ Be6 10. Bxe6+ Kxe6 11. d4 Nbd7 12. Nc3 Bg7 13. Qf5+ Kf7 14. Bd2 Re8 15. 0-0-0 Kg8 16. Qg6 Nf8 17. Qg3 Rxe4 18. Bxh6 Rg4 19. Qe3 Qd7 20. Bxg7 Qxg7 21. h5 Re8 22. Qf3 Qg5+ 23. Kb1 c6 24. h6 N8h7 25. Rdf1 Re3 26. Qf2 Rxg2 27. Qf5 Qxf5 28. Rxf5 Kf7 29. d5 Kg6 30. Rff1 Nxd5 31. Nxd5 cxd5 32. Rd1 Reg3 33. a4 Rg5 34. Rde1 Re5 35. Ref1 Ree2 36. Rd1 Rxc2 37. Rxd5 Rxb2+ 38. Kc1 Rbc2+ 39. Kd1 Rc6 40. Rb5 Ra2 41. Rxb7 Ra1+ 42. Kd2 Rxh1 43. Rxa7 Kxh6 44. a5 Nf6 45. a6 Ra1 0-1

[Event "RF-2016-0-00303"]
[Site "LSS email"]
[Date "2016.04.04"]
[Round "?"]
[White "Barros Uriburu, Nicolas"]
[Black "Frank, Stanislav"]
[Result "0-1"]
[WhiteElo "1073"]
[BlackElo "1366"]
[PlyCount "24"]
[EventDate "2016.03.20"]
[EventType "tourn (corr)"]
[EventRounds "6"]
[EventCountry "GER"]
[SourceTitle "Corr 2022"]
[Source "ChessBase"]
[SourceDate "2021.10.24"]
[SourceVersion "1"]
[SourceVersionDate "2021.10.24"]
[SourceQuality "1"]

1. e4 e5 2. f4 exf4 3. Nf3 g5 4. h4 g4 5. Ne5 Nf6 6. Bc4 d5 7. exd5 Bd6 8. d4 Nh5 9. 0-0 Qxh4 10. Bxf4 g3 11. Bxg3 Nxg3 12. Rf3 Qh1+ 0-1

[Event "RF-2016-0-00303"]
[Site "LSS email"]
[Date "2016.04.04"]
[Round "?"]
[White "Frank, Stanislav"]
[Black "Laureles, Raymundo"]
[Result "0-1"]
[WhiteElo "1366"]
[BlackElo "1102"]
[PlyCount "70"]
[EventDate "2016.03.20"]
[EventType "tourn (corr)"]
[EventRounds "6"]
[EventCountry "GER"]
[SourceTitle "Corr 2022"]
[Source "ChessBase"]
[SourceDate "2021.10.24"]
[SourceVersion "1"]
[SourceVersionDate "2021.10.24"]
[SourceQuality "1"]

1. e4 e6 2. d4 d5 3. e5 c5 4. c3 Nc6 5. Nf3 Qb6 6. a3 c4 7. Nbd2 Na5 8. Be2 Ne7 9. Rb1 Nf5 10. b4 Nc6 11. 0-0 Be7 12. Re1 a5 13. b5 Nb8 14. a4 0-0 15. Nf1 Nd7 16. Qc2 f6 17. g4 Nh6 18. Bxh6 gxh6 19. Ng3 fxe5 20. dxe5 Bg5 21. Nh5 Nxe5 22. Nd4 Ng6 23. Bf3 Nh4 24. Bd1 Bf4 25. Nf3 Nxf3+ 26. Bxf3 Bxh2+ 27. Kg2 Qd6 28. Qd2 Bf4 29. Nxf4 Qxf4 30. Qxf4 Rxf4 31. Kg3 Rf6 32. Rh1 Bd7 33. Rh5 Raf8 34. Bg2 Rxf2 35. Rxh6 Rc2 0-1